La cession de contrat.

Na minha lista:
Detalhes bibliográficos
Autor principal: Malaurie, Philippe (autor)
Formato: Livro
Idioma:inglês
Publicado em: Paris, France: Les Cours de droit, 1976.
Colecção:Cours de doctorat, 1975-1976.
Assuntos:
Tags: Adicionar Tag
Sem tags, seja o primeiro a adicionar uma tag!

MARC

LEADER 00000nam a22000007a 4500
003 CL-VaPUC
005 20240112114903.0
008 240108s1976 ||||| |||| 00| 0 eng d
999 |c 442906  |d 442904 
040 |c Pontificia Universidad Católica de Valparaíso 
082 |2 22  |a 346.44022 MAL 1976 
100 |9 588492  |a Malaurie, Philippe  |e autor 
245 |a La cession de contrat.  
260 |a Paris, France:   |b Les Cours de droit,  |c 1976. 
300 |a 248 páginas. 
490 |a Cours de doctorat, 1975-1976.  |n   
500 |a c.1 Donación Sr. Jorge López Santa María. Memo DER N° 050. 22-12-2023. 
583 |c 20240108  |k Yessy Sthefany Diaz Vidal 
650 0 |9 255153  |a Contratos  |x Arrendamiento, préstamo, venta, etc.   |x Derecho francés  
942 |2 ddc  |c BK 
952 |0 0  |1 0  |2 ddc  |4 0  |6 346_440220000000000_MAL_1976  |7 0  |8 A  |9 593191  |a BIBDER  |b BIBDER  |d 2024-01-08  |e Donación   |i 5659981  |o 346.44022 MAL 1976  |p 5659981  |r 2024-01-08  |t 1  |w 2024-01-08  |y BK  |k DER